Normal view
MARC view
- ادارة اعمال-معالجة بيانات
Entry Topical Term
001 - CONTROL NUMBER
- control field: 44106
003 - CONTROL NUMBER IDENTIFIER
- control field: JO-AjAnu
005 - DATE AND TIME OF LATEST TRANSACTION
- control field: 20230606081314.0
008 - FIXED-LENGTH DATA ELEMENTS
- fixed length control field: 230606|| aca||aabn | a|a d
040 ## - CATALOGING SOURCE
- Original cataloging agency: JO-AjAnu
- Transcribing agency: JO-AjAnu
150 ## - HEADING--TOPICAL TERM
- Topical term or geographic name entry element: ادارة اعمال-معالجة بيانات
670 ## - SOURCE DATA FOUND
- Source citation: Work cat.: (JO-AjAnu)22583: خبراء مركز الخبرات المهنية للادارة بميك؛ مستشار علمي عبدالرحمن توفيق, author 44105, الادارة الالكترونية في الشئون الادارية=Electronic Management In Training